Revista de derecho laboral 2021 - 1 : la COVID-19 y las relaciones de trabajo /
Guardado en:
| Formato: | Libro |
|---|---|
| Idioma: | Spanish |
| Publicado: |
Santa Fe :
Rubinzal - Culzoni,
2021.
|
| Edición: | 1a. ed. |
| Materias: | |
| Etiquetas: |
Agregar Etiqueta
Sin Etiquetas, Sea el primero en etiquetar este registro!
|
| LEADER | 00529nam a22001575a 4500 | ||
|---|---|---|---|
| 001 | DER.der014646 | ||
| 008 | 210625s2021####ag#####|###|#|######spa|| | ||
| 005 | 20250530173525.0 | ||
| 245 | 1 | 0 | |a Revista de derecho laboral 2021 - 1 : |b la COVID-19 y las relaciones de trabajo / |c dirigido por Mario E. Ackerman. |
| 250 | |a 1a. ed. | ||
| 260 | |a Santa Fe : |b Rubinzal - Culzoni, |c 2021. | ||
| 300 | |a 555 p. | ||
| 020 | |a 9789873023705 | ||
| 100 | 1 | |a Ackerman, Mario E., |e dir. | |
| 650 | 7 | |a DERECHO LABORAL | |
| 859 | |a DERECHO |b BIB. DERECHO |h 344.01 |i REV |p 009961 | ||
